Sports Quiz

Random Sports or NBA Quiz
Score 0/300 Timer 08:00
34 Plays Today
Player % Correct
LeBron James
99.1%
LeBron James
99.1%
LeBron James
99%
LeBron James
98.9%
LeBron James
98.9%
LeBron James
98.7%
LeBron James
98.7%
LeBron James
98.7%
Stephen Curry
98.7%
Stephen Curry
98.5%
Stephen Curry
98.3%
Kobe Bryant
98.2%
Kobe Bryant
98.2%
Kobe Bryant
98.2%
Kobe Bryant
98.2%
Kobe Bryant
98.2%
Kobe Bryant
98.2%
Kobe Bryant
98.2%
Kobe Bryant
98.2%
Kobe Bryant
98.2%
Kobe Bryant
98.2%
Kobe Bryant
97.5%
James Harden
97.3%
Russell Westbrook
97.2%
Kevin Durant
97.2%
Russell Westbrook
96.9%
James Harden
96.3%
Chris Paul
95.7%
John Wall
95.4%
Kevin Durant
95.2%
Russell Westbrook
95.2%
Kevin Durant
95.1%
Russell Westbrook
94.8%
James Harden
94.8%
Carmelo Anthony
94.5%
Carmelo Anthony
94.5%
Carmelo Anthony
94.5%
Carmelo Anthony
94.5%
Dwyane Wade
94.2%
Dwyane Wade
94.2%
Blake Griffin
94.1%
James Harden
94%
Blake Griffin
94%
Carmelo Anthony
93.8%
Dwyane Wade
93.4%
Carmelo Anthony
93%
Blake Griffin
92%
Dirk Nowitzki
91.8%
Dirk Nowitzki
91.8%
Dirk Nowitzki
91.8%
Dirk Nowitzki
91.8%
Kyle Lowry
91.8%
Kevin Garnett
91.7%
Kevin Garnett
91.7%
Kevin Garnett
91.7%
Kevin Garnett
91.7%
Kevin Garnett
91.7%
Kevin Garnett
91.7%
Kevin Garnett
91.7%
Kevin Garnett
91.7%
Kevin Garnett
91.7%
Kevin Garnett
91.7%
Kevin Garnett
91.7%
Kevin Garnett
91.7%
Chris Paul
91.2%
Chris Paul
91.2%
Chris Bosh
91.2%
Chris Bosh
91.2%
Chris Bosh
91.2%
Dirk Nowitzki
91.1%
Chris Paul
90.7%
Kyle Lowry
90.4%
Shaquille O'Neal
90.3%
Shaquille O'Neal
90.3%
Shaquille O'Neal
90.3%
Shaquille O'Neal
90.3%
Shaquille O'Neal
90.3%
Shaquille O'Neal
90.3%
Shaquille O'Neal
90.3%
Shaquille O'Neal
90.3%
Shaquille O'Neal
90.3%
Shaquille O'Neal
90.3%
Shaquille O'Neal
90.3%
Shaquille O'Neal
90.3%
Shaquille O'Neal
90.3%
Shaquille O'Neal
90.3%
Shaquille O'Neal
90.3%
Shaquille O'Neal
90.3%
Shaquille O'Neal
90.3%
Michael Jordan
89.8%
Michael Jordan
89.8%
Michael Jordan
89.8%
Michael Jordan
89.8%
Dwight Howard
89.4%
Dwight Howard
89.4%
Dwight Howard
89.4%
Chris Bosh
89.4%
Kemba Walker
89.3%
Jermaine O'Neal
89.2%
Jermaine O'Neal
89.2%
Player % Correct
Jermaine O'Neal
89.2%
Jermaine O'Neal
89.2%
Jermaine O'Neal
89.2%
Tim Duncan
88.9%
Tim Duncan
88.9%
Tim Duncan
88.9%
Tim Duncan
88.9%
Tim Duncan
88.9%
Tim Duncan
88.9%
Tim Duncan
88.9%
Joe Johnson
88.7%
Joe Johnson
88.7%
Joe Johnson
88.7%
Juwan Howard
88.2%
Juwan Howard
88.2%
Juwan Howard
88.2%
Juwan Howard
88.2%
Juwan Howard
88.2%
Juwan Howard
88.2%
Juwan Howard
88.2%
Paul Pierce
88.2%
Larry Johnson
87.8%
Mike Conley
87%
Dwight Howard
86.9%
DeMar DeRozan
86.5%
Kyle Lowry
86.2%
Gordon Hayward
85.7%
Joe Johnson
85.6%
Derrick Rose
85.5%
DeMar DeRozan
85.3%
Pau Gasol
85%
Pau Gasol
85%
Pau Gasol
85%
Pau Gasol
85%
Michael Jordan
84.7%
Al Horford
83.3%
Mike Conley
83%
Allen Iverson
82.3%
Allen Iverson
82.3%
Allen Iverson
82.3%
Allen Iverson
82.3%
Damian Lillard
82.2%
Mike Conley
81.8%
Gordon Hayward
81.8%
Deron Williams
79.1%
Jayson Williams
78.2%
Buck Williams
78.2%
Hot Rod Williams
78.2%
Hot Rod Williams
78.2%
Hot Rod Williams
78.2%
Ray Allen
78%
Ray Allen
78%
Jason Kidd
76.9%
Jason Kidd
76.9%
Jason Kidd
76.9%
Jason Kidd
76.9%
Amar'e Stoudemire
76.2%
Amar'e Stoudemire
76.2%
Amar'e Stoudemire
76.2%
Amar'e Stoudemire
76.2%
Al Horford
76%
David Robinson
73.1%
David Robinson
73.1%
David Robinson
73.1%
David Robinson
73.1%
David Robinson
73.1%
David Robinson
73.1%
David Robinson
73.1%
David Robinson
73.1%
Patrick Ewing
73.1%
Patrick Ewing
73.1%
Patrick Ewing
73.1%
Patrick Ewing
73.1%
Patrick Ewing
73.1%
Patrick Ewing
73.1%
Patrick Ewing
73.1%
Patrick Ewing
73.1%
Paul Millsap
72.8%
Scottie Pippen
72.5%
Scottie Pippen
72.5%
Scottie Pippen
72.5%
Scottie Pippen
72.5%
Scottie Pippen
72.5%
Scottie Pippen
72.5%
Tracy McGrady
71.7%
Tracy McGrady
71.7%
Tracy McGrady
71.7%
Tracy McGrady
71.7%
Karl Malone
70.6%
Karl Malone
70.6%
Karl Malone
70.6%
Karl Malone
70.6%
Patrick Ewing
70.5%
Larry Bird
70.1%
Paul Millsap
68%
Gilbert Arenas
67.1%
Hakeem Olajuwon
66.7%
Hakeem Olajuwon
66.7%
Hakeem Olajuwon
66.7%
Hakeem Olajuwon
66.7%
Player % Correct
Hakeem Olajuwon
66.7%
Hot Rod Williams
66%
Yao Ming
65%
Hakeem Olajuwon
65%
Isiah Thomas
64.9%
Reggie Miller
64%
Reggie Miller
64%
Charles Barkley
63%
Moses Malone
61.8%
Gary Payton
61.3%
Gary Payton
61.3%
Gary Payton
61.3%
Gary Payton
61.3%
Penny Hardaway
60.4%
Penny Hardaway
60.4%
Penny Hardaway
60.4%
Rasheed Wallace
58.2%
Rasheed Wallace
58.2%
Rasheed Wallace
58.2%
Rasheed Wallace
58.2%
Chris Webber
57.7%
Chris Webber
57.7%
Chris Webber
57.7%
Chris Webber
57.7%
Chris Webber
57.7%
Charles Barkley
56.3%
Alonzo Mourning
55.8%
Alonzo Mourning
55.8%
Alonzo Mourning
55.8%
Alonzo Mourning
55.8%
Alonzo Mourning
55.8%
Alonzo Mourning
55.8%
Clyde Drexler
54.1%
Shawn Kemp
53.9%
Shawn Kemp
53.9%
Shawn Kemp
53.9%
Rudy Gay
52.7%
Zach Randolph
52.3%
Michael Redd
51.7%
Michael Redd
51.7%
Dominique Wilkins
49.6%
Dominique Wilkins
49.6%
Rashard Lewis
49.3%
Rashard Lewis
49.3%
Rashard Lewis
49.3%
Reggie Lewis
49.1%
Reggie Lewis
49.1%
Kevin McHale
49.1%
Kevin McHale
49.1%
Baron Davis
46.9%
Dale Davis
46.8%
Stephon Marbury
46%
Stephon Marbury
46%
Stephon Marbury
46%
Stephon Marbury
46%
Stephon Marbury
46%
Dennis Rodman
43.9%
Elton Brand
43.1%
Grant Hill
41.9%
Robert Parish
40.6%
Robert Parish
40.6%
Allan Houston
40.1%
Allan Houston
40.1%
Dikembe Mutombo
39.1%
Dikembe Mutombo
39.1%
Dikembe Mutombo
39.1%
Dikembe Mutombo
39.1%
Dikembe Mutombo
39.1%
Dikembe Mutombo
39.1%
Dikembe Mutombo
39.1%
Latrell Sprewell
37.9%
Latrell Sprewell
37.9%
Robert Parish
34.5%
Andrei Kirilenko
33.2%
Joe Dumars
30.7%
Chris Mullin
29.6%
Horace Grant
28.3%
Horace Grant
28.3%
Damon Stoudamire
28.2%
Damon Stoudamire
28.2%
Damon Stoudamire
28.2%
Vlade Divac
26.3%
Vlade Divac
26.3%
Michael Finley
25.6%
A.C. Green
21.9%
A.C. Green
21.9%
Detlef Schrempf
21.4%
Derrick Coleman
19%
Derrick Coleman
19%
Sam Perkins
18.1%
Sam Perkins
18.1%
Sean Elliott
13.6%
Danny Manning
12.5%
Ron Harper
11.4%
Vin Baker
11.2%
Shareef Abdur-Rahim
10%
Antonio McDyess
8%
Danny Ferry
4.2%
Danny Ferry
3.8%
Benoit Benjamin
3.1%

You're not logged in!

Compare scores with friends on all Sporcle quizzes.
OR
Log In

Sporcle TV

Today on Sporcle TV


Watch our educational content, quiz creation guides, and fun videos on Sporcle TV.

Show Comments

Extras

Top Quizzes Today


Score Distribution

Paid Content

Your Account Isn't Verified!

In order to create a playlist on Sporcle, you need to verify the email address you used during registration. Go to your Sporcle Settings to finish the process.

Report this User

Report this user for behavior that violates our Community Guidelines.

Details: